00511nam a2200193Ia 4500003000400000005001700004008004100021020001800062040000700080041000800087082002600095100002100121245005000142260004900192300001800241365001400259650002200273650002200295OSt20230403095541.0210423s2008 xx 000 0 und d a9781412909457 cAL aeng a324.730973 223bTUMJ aTUMAN (Joseph S) aPolitical communication in American campaigns aNew DelhibSahitya Bhawan Publicationsc2008 axxiv,278.bPB b2177cINR aPolitical Process aPolitical Science